000 00674nam a2200181 4500
001 131514
003 ES-MaACL
005 20230906194009.0
007 t|
008 070214s1950 cu r ||||1| spa d
100 1 _aRodríguez Expósito, César.
_998510
245 1 0 _aFinlay ante la Historia /
_ctrabajo leído por el académico correspondiente Sr. César Rodríguez Expósito el día 22 de agosto de 1950.
260 _aLa Habana :
_b[s. n.],
_c1950.
300 _a50 p., 1 lám. = retr. biogr. ;
_c25 cm.
500 _aPrecede al tít.: Academia de la Historia de Cuba.
710 2 _aAcademia de la Historia de Cuba.
_91183
852 _aES-MaACL
_j1908-F-26
_bR.30426
999 _c131514
_d131514